000 00256nam a2200097Ia 4500
001 1253362
005 20251031150952.0
008 251031s9999 xx 000 0 und d
245 0 _cİLBER ORTAYLI
_aY-3 TÜRKLERİN ALTIN ÇAĞI
260 _bKRONİK YAYINLARI
999 _c1253362
_d1253362